000 01037nam a22002417a 4500
003 BD-DhJNU
005 20260415090149.0
008 260415b |||||||| |||| 00| 0 eng d
020 _a8186947272
040 _aBD-DhJNU
_bBen
_cBD-DhJNU
_dBD-DhJNU
082 _223
_a658.8
100 _aভট্টাচার্য, ডঃ নন্দলাল
242 _aAdvertising and marketing :
_cDr. Nandalal Bhattacharya
245 _aবিজ্ঞাপন ও বিপণন :
_cডঃ নন্দলাল ভট্টাচার্য
260 _aকলকাতা :
_bলিপিকা
_c2023.
300 _a২২৪ পৃ. :
_bচিত্র ;
_c২২ সেমি.।
504 _aগ্রন্থপঞ্জিগত নির্দেশিকা ও নিঘন্ট অন্তভূক্ত
650 _aAdvertising - India
650 _aবিজ্ঞাপন - ভারত
650 _aCommunication in marketing
650 _aবিপণনে যোগাযোগ
942 _2ddc
_cBK
_n0
999 _c2679
_d2679